banner-ar

كتابات تاسيسية فى الثقافة السينمائية / (Record no. 64941)

MARC details
000 -الفاتح
حقل البيانات ثابتة الطول 01062nam a22002657a 4500
005 - وقت وتاريخ اخر تعامل مع التسجيلة
رقم الضبط 20240530110758.0
008 - عناصر البيانات ثابتة الطول - معلومات عامة
حقل البيانات ثابتة الطول 190116s2017 ua h f 000 0dara d
017 ## - رقم الايداع القانونى
رقم الايداع القانونى 2017/4695
المصدر ( الهيئة المختصة) مصر. دار الكتب
020 ## - الرقم الدولى المعيارى للكتب
الرقم الدولى المعيارى للكتاب 978977911988
040 ## - مصدر الفهرسة
وكالة الفهرسة الأصلية EG-CaGPL
وكالة النسخ EG-CaGPL
082 04 - رقم تصنيف ديوى العشرى
رقم الطبعة 21
رقم التصنيف 791.43 /
رقم المادة هـ ك
100 0# - المدخل الرئيسى - إسم شخصى
الإسم الشخصى هاشم النحاس
245 10 - بيان العنوان
العنوان كتابات تاسيسية فى الثقافة السينمائية /
بيان المسئوليه,etc تاليف هاشم النحاس ؛ تقديم محمد كامل القليوبى
250 ## - بيان الطبعة
بيان الطبعة ط. 1
260 ## - PUBLICATION, DISTRIBUTION, ETC. (IMPRINT)
تاريخ النشر أو التوزيع 2017.
300 ## - الوصف المادى
التعداد 187 ص. :
تفاصيل ماديه اخرى للوعاء صور ؛
أبعاد الوعاء 24 سم.
490 #0 - بيان السلسلة
عنوان السلسلة رؤى سينمائية ؛
رقم المجلد/ التعيين التسلسلي 1
650 07 - المدخل الاضافى بالموضوع-مصطلح موضوعى
مصدر الرأس أو المصطلح qrmak
مصطلح موضوعي السينما
التقسيم الفرعي العام الجوانب الثقافية
650 07 - المدخل الاضافى بالموضوع-مصطلح موضوعى
مصدر الرأس أو المصطلح qrmak
مصطلح موضوعي السينما
التقسيم الفرعي العام الجوانب الاجتماعية
651 ## - المدخل الاضافى بالموضوع - اسم جغرافى
مصدر الرأس أو المصطلح qrmak
653 #0 - مصطلح تكشيفى غير مقيد
مصطلح غير مقيد السنيما - نقد
700 #0 - المدخل الاضافى - اسم شخصى
الإسم الشخصى محمد كامل القليوبى
الدور مقدم
942 ## - عناصر المدخل الإضافي( كوها)
مصدر التصنيف او مخطط الترفيف Dewey Decimal Classification
Koha [default] item type كتاب
260 ## - PUBLICATION, DISTRIBUTION, ETC. (IMPRINT)
-- القاهرة :
-- الهيئة المصرية العامة للكتاب،
Holdings
حالة التراجع حالة الفقد حالة تلف ليس للاعارة المكان المؤقت الموقع الحالى موقع الترفيف تاريخ الاكتساب اجمالي اﻻعارات رقم الطلب الباركود تاريخ اخر مشاهدة تاريخ تفعيل السعر نوع وعاء كوها
        مكتبة القاهرة الكبرى مكتبة القاهرة الكبرى   01/16/2019   791.43 / هـ ك 165469 01/16/2019 01/16/2019 كتاب

Powered By

EGPV